01051nam a2200241 a 45000010005000000030010000050050017000150080041000320400025000730800024000980900024001221110111001462450181002572600035004383000027004735040025005006500042005256500039005676500048006069420012006549520128006669990015007941462BR-CuiBMT20231213140046.0231211s2013 mtba 100 0 por d aBR-CuiBMTcBR-CuiBMT a336.225.2:35222007 a336.225.2:352bC5682 aCiclo de palestras em comemoração ao dia do fiscal de tributos estaduaisn(1. :d2013 :cCuiabá, MT)00aI ciclo de palestras em comemoração ao dia do fiscal de tributos estaduais :b18, 19 e 20 de setembro de 2013 /cSindicato dos fiscais de tributos estaduais de Mato Grosso. aCuiabá :bSindifisco,c2013. a181 p. :bil. ;c21 cm aInclui bibliografia. aAdministração fiscalzMato grosso aCódigo tributáriozMato Grosso aLei de responsabilidade fiscalzMato grosso 2udccLV 00102udc4070aBIBTCEMTbBIBTCEMTd2023-12-11l0o336.225.2:352 C568pBIBTCEMT23120357r2023-12-11tEx. 1w2023-12-11yLV c1462d1462